| 000 | 00406nam a22001337a 4500 | ||
|---|---|---|---|
| 999 |
_c523691 _d523691 |
||
| 008 | 230921b ||||| |||| 00| 0 eng d | ||
| 100 |
_aSharma, Anupama and Kukeja, Sumit _943799 |
||
| 245 | _aPradhan Mantri Jan Dhan Yojna: A tool for financial inclusion | ||
| 260 | _aProductivity | ||
| 300 | _a64(1), Apr-Jun, 2023: p.54-61 | ||
| 773 | _aProductivity | ||
| 906 | _aFINANCIAL INCLUSION | ||
| 942 | _cAR | ||